000 00679nam a2200241Ia 4500
003 OSt
005 20220918215900.0
006 a|||||r|||| 00| 0
007 ta
008 220917b |||||||| |||| 00| 0 eng d
024 _a143,189
037 _cTextual
040 _aARTS
_cARTS
_beng
041 _2eng
_aeng
082 _aY15:7.41.N, N7
100 _aJacka Tamara
_9135684
245 0 _aWomen's work in rural China
_b Change and continuity in an era of reform
260 _aCambridge
_bUniversity Press
_c1997
300 _aviii, 264p,
_ccm.
650 _aSOCIOLOGY
942 _hY15:7.41.N, N7
_cTEXL
_2CC
999 _c266142
_d266142